000 00791nam a2200241 a 4500
001 000007560
005 20240530073930.0
008 090909s2001 dr 001 e spa d
020 _a9993401706
040 _aDO-SdBNP
_bspa
_cBNPHU
082 _aRD864.44
_bR139e
100 1 _aRaful, Tony,
_d1951-
_91377
245 1 0 _aEmboscada al relámpago :
_btextos escogidos /
_cTony Raful.
246 2 4 _aEmboscada al relámpago : seleción de textos
260 _aSanto Domingo :
_bCorripio,
_c2001.
300 _av. ;
_c23 cm.
500 _aLa biblioteca posee el v.1.
500 _aIncluye datos biográficos del autor en la solapas de la cubierta.
650 0 _aEnsayos dominicanos
_965
650 0 _aLiteratura dominicana.
_967
910 _aValidado. Control de calidad EMS
049 _aBNPD
999 _c7341
_d7341